Pays de moins de 100 000 habitants (Mort subite) - Statistiques

Statistiques générales
  • Ce quiz a été pris 215 fois
  • Le résultat moyen est 4 sur 12
Answers on the Grid
Answers color-coded by a green-red scale on the quiz's grid according to % correct below.
Antigua-et-Barbuda
Andorre
Dominique
Saint-Christophe-et-Niévès
Liechtenstein
Monaco
Iles Marshall
Saint-Marin
Palaos
Nauru
Tuvalu
Vatican
Saint-Vincent-et-les-Grenadines
Tonga
Micronésie
Grenade
Seychelles
Kiribati
Sainte-Lucie
Samoa
 
Statistiques - réponses
Réponse % Correct
496 Vatican
65%
39 000 Monaco
49%
34 000 Saint-Marin
49%
81 000 Andorre
46%
40 000 Liechtenstein
45%
12 000 Nauru
39%
9 800 Tuvalu
26%
18 000 Palaos
22%
39 000 Iles Marshall
19%
93 000 Antigua-et-Barbuda
15%
47 000 Saint-Christophe-et-Niévès
15%
67 000 Dominique
9%
Aucun quiz correspondant
Distribution des résultats
% des personnes avec chaque résultat
Percentile par nombre de réponses
Votre historique - résultats
Vous n’avez pas pris ce quiz